Logo BPK

Biblioteka

Politechniki Koszalińskiej

Fizyko-chemiczne i mikrobiologiczne zagrożenie środowiska przez odpady : (Rekord nr 30654)

Szczegóły MARC
000 -ETYKIETA REKORDU
podpole kontrolne o stałej długości 00954nam a2200253 i 4500
001 - NUMER KONTROLNY REKORDU
pole kontrolne bg
020 ## - MIĘDZYNARODOWY ZNORMALIZOWANY NUMER KSIĄŻKI - ISBN
ISBN 8385949992
040 ## - ŹRÓDŁO KATALOGOWANIA
Instytucja, która utworzyła rekord BPK
041 0# - KOD JĘZYKA
Kod języka tekstu pl
080 ## - UNIWERSALNA KLASYFIKACJA DZIESIĘTNA - UKD
UKD 628.4:504.05
920 ## - Międzynarodowy znormalizowany numer książki – ISBN
ISBN 83-85949-99-2
008 - POLE O STAŁEJ DŁUGOŚCI - DANE KONTROLNE
podpole kontrolne o stałej długości s pl f |000 0 pol
245 00 - TYTUŁ/ODPOWIEDZIALNOŚĆ
Tytuł Fizyko-chemiczne i mikrobiologiczne zagrożenie środowiska przez odpady :
Ciąg dalszy tytułu praca zbiorowa /
Pozostałe elementy strefy tytułu i oznaczenia odpowiedzialności [oprac. zespół aut.: Emilia Drzał et al.] ; Państwowa Inspekcja Ochrona Środowiska.
260 ## - STREFA ADRESU WYDAWNICZEGO
Miejsce wydania Warszawa :
Nazwa wydawcy/dystrybutora PIOŚ,
Data publikacji, dystrybucji/powstania dokumentu 1995.
300 ## - STREFA OPISU FIZYCZNEGO
Objętość 224 s. :
Inne cechy fizyczne rys. ;
Rozmiary 24 cm.
490 1# - STREFA SERII I DOKUMENTU WIELOCZĘŚCIOWEGO - FORMA NIE DO WYSZUKIWANIA
Tytuł i oznaczenie odpowiedzialności serii Biblioteka Monitoringu Środowiska / Państwowa Inspekcja Ochrony Środowiska
504 ## - UWAGA DOTYCZĄCA BIBLIOGRAFII
Informacje o bibliografii Bibliogr. s. 221-224.
650 #9 - HASŁO PRZEDMIOTOWE W FORMIE NAZWY OGÓLNEJ LUB JEDNOSTKOWEJ
Nazwa ogólna lub geograficzna Odpady
Określnik ogólny badanie
650 #9 - HASŁO PRZEDMIOTOWE W FORMIE NAZWY OGÓLNEJ LUB JEDNOSTKOWEJ
Nazwa ogólna lub geograficzna Środowisko człowieka
Określnik ogólny higiena i ochrona
700 1# - HASŁO DODATKOWE - NAZWA OSOBOWA
Nazwa osobowa DRZAŁ, Emilia.
710 ## - HASŁO DODATKOWE - NAZWA CIAŁA ZBIOROWEGO
Nazwa ciała zbiorowego lub jednostki geograficznej PAŃSTWOWA INSPEKCJA OCHRONY ŚRODOWISKA
830 #0 - HASŁO DODATKOWE SERII LUB DOKUMENTU WIELOCZĘŚCIOWEGO - TYTUŁ UJEDNOLICONY
Tytuł ujednolicony Biblioteka Monitoringu Środowiska (Państwowa Inspekcja Ochrony Środowiska)
856 ## - LOKALIZACJA I DOSTĘP DO ELEKTRONICZNYCH DOKUMENTÓW ZDALNYCH
Link (URL) http://koha.tu.koszalin.pl/cgi-bin/koha/opac-detail.pl?biblionumber=30654
Tekst linku Katalog online BPK
942 ## - DODATKOWE ELEMENTY (KOHA)
Typ dokumentu Książka
Egzemplarze
Wycofany Status egzemplarza Uszkodzony Dostępność Lokalizacja stała Lokalizacja bieżąca Miejsce przechowywania Sygnatura Kod kreskowy Dział Typ dokumentu
      Tylko na miejscu Czytelnia Wydziału Elektroniki i Informatyki, Wydziału Architektury i Wzornictwa, Wydziału Inżynierii Mechanicznej i Energetyki oraz Wydziału Inżynierii Lądowej, Środowiska i Geodezji Czytelnia Wydziału Elektroniki i Informatyki, Wydziału Architektury i Wzornictwa, Wydziału Inżynierii Mechanicznej i Energetyki oraz Wydziału Inżynierii Lądowej, Środowiska i Geodezji Czytelnia Wydziałowa ul. Śniadeckich 2 37468 02400679 628.4 Odpady i ich usuwanie Książka
© 2023 Biblioteka Politechniki Koszalińskiej :: KOHA